000 00554nam a2200193Ia 4500
003 GCL
008 140319s9999 xx 000 0 ara d
040 _aGCL /
_cGCL
082 0 4 _a247.3
_bم س
100 1 _aمحمود على حماية
245 1 0 _aسبيل الرشاد فى الدعوة والارشاد /
_cمحمود على حماية
260 _a[S.N] :
_bدار المعارف ،
_c1993
300 _a259 ص
490 _a
650 0 4 _aالاسلام
650 0 4 _aدعوة
650 0 4 _aالدعوة والدعاة
942 _2ddc
_cBK
999 _c36258
_d36258